| 000 | 00838nam a2200265Ia 4500 | ||
|---|---|---|---|
| 005 | 20210727153145.0 | ||
| 008 | 141031s9999 xx 000 0 und d | ||
| 020 | _a9581403604 | ||
| 082 |
_a398.2 _bO11t |
||
| 100 | 1 | 0 | _aOcampo López, Javier, 1939- |
| 245 | 1 | 0 |
_aTesoros legendarios de Colombia y el mundo _c Javier Ocampo López |
| 250 | _a1a ed. | ||
| 300 | _a351 páginas | ||
| 500 | _aIncluye bibliografía e índices. | ||
| 650 | 1 | 4 |
_a Leyendas colombianas _2LEMB |
| 650 | 1 | 4 |
_a Mitología chibcha _2LEMB |
| 650 | 1 | 4 |
_a Mitología indígena _2LEMB |
| 650 | 1 | 4 |
_aMitología colombiana _2LEMB |
| 942 |
_2ddc _cBK |
||
| 264 |
_aBogotá _bPlaza & Janés _c2004 |
||
| 336 |
_atexto _btxt _2rdacontent |
||
| 337 |
_asin mediación _bn _2rdamedia |
||
| 338 |
_avolumen _bnc _2rdacarrier |
||
| 040 |
_aCO-BoRNBP _bspa _erda _cCO-BoRNBP |
||
| 999 |
_c3345 _d3345 |
||